<?xml version="1.0" encoding="UTF-8"?>
<record
    xmlns:xsi="http://www.w3.org/2001/XMLSchema-instance"
    xsi:schemaLocation="http://www.loc.gov/MARC21/slim http://www.loc.gov/standards/marcxml/schema/MARC21slim.xsd"
    xmlns="http://www.loc.gov/MARC21/slim">

  <leader>01558nam a22003257a 4500</leader>
  <controlfield tag="003">AR-RoUNCS</controlfield>
  <controlfield tag="005">20260313105310.0</controlfield>
  <controlfield tag="007">ta</controlfield>
  <controlfield tag="008">260313s2004    ag a   br    f001 mdspa  </controlfield>
  <datafield tag="015" ind1=" " ind2=" ">
    <subfield code="a">AR-2004</subfield>
  </datafield>
  <datafield tag="040" ind1=" " ind2=" ">
    <subfield code="a">AR-BaBN</subfield>
    <subfield code="b">spa</subfield>
    <subfield code="c">AR-RoUNCS</subfield>
    <subfield code="e">aacr</subfield>
  </datafield>
  <datafield tag="044" ind1=" " ind2=" ">
    <subfield code="a">ag</subfield>
    <subfield code="c">ar-c</subfield>
  </datafield>
  <datafield tag="080" ind1="1" ind2=" ">
    <subfield code="a">82-34</subfield>
    <subfield code="2">2016</subfield>
  </datafield>
  <datafield tag="245" ind1="0" ind2="0">
    <subfield code="a">Leer x leer :</subfield>
    <subfield code="b">lecturas para estudiantes </subfield>
    <subfield code="n">Libro 3</subfield>
    <subfield code="p">Primer a&#xF1;o Polimodal (Tercer a&#xF1;o secundaria com&#xFA;n) /</subfield>
    <subfield code="c">[compilado por Gustavo Bombini].</subfield>
  </datafield>
  <datafield tag="246" ind1="1" ind2="4">
    <subfield code="a">Leer x leer :</subfield>
    <subfield code="b">educaci&#xF3;n secundaria</subfield>
  </datafield>
  <datafield tag="250" ind1=" " ind2=" ">
    <subfield code="a">1a ed.</subfield>
  </datafield>
  <datafield tag="260" ind1=" " ind2=" ">
    <subfield code="a">Ciudad Aut&#xF3;noma de Buenos Aires :</subfield>
    <subfield code="b">Ministerio de Educacion de la Naci&#xF3;n,</subfield>
    <subfield code="c">2004.</subfield>
  </datafield>
  <datafield tag="300" ind1=" " ind2=" ">
    <subfield code="a">183 p. :</subfield>
    <subfield code="b">il. ;</subfield>
    <subfield code="c">19 cm.</subfield>
  </datafield>
  <datafield tag="490" ind1=" " ind2=" ">
    <subfield code="a">Plan Nacional de Lectura ;</subfield>
    <subfield code="v">3</subfield>
  </datafield>
  <datafield tag="500" ind1=" " ind2=" ">
    <subfield code="a">Libro de distribuci&#xF3;n gratuita.</subfield>
  </datafield>
  <datafield tag="505" ind1="0" ind2=" ">
    <subfield code="t">Te quiero /</subfield>
    <subfield code="r">Mario Benedetti --</subfield>
    <subfield code="t">Episodio de enemigos /</subfield>
    <subfield code="r">Jorge Luis Borges --</subfield>
    <subfield code="t">Las armas que carga el diablo /</subfield>
    <subfield code="r">Orlando van Bredam --</subfield>
    <subfield code="t">La casa encantada /</subfield>
    <subfield code="r">Virginia Wolf --</subfield>
    <subfield code="t">Carta de Don Quijote a Dulcinea del Toboso /</subfield>
    <subfield code="r">Miguel de Cervantes Saavedra--</subfield>
    <subfield code="t">La gruta de las maravillas /</subfield>
    <subfield code="r">Ricardo Palma --</subfield>
    <subfield code="t">Las l&#xED;neas de la mano /</subfield>
    <subfield code="r">Julio C&#xF3;rtazar --</subfield>
    <subfield code="t">Sudeste --</subfield>
    <subfield code="r">Haroldo Conti --</subfield>
    <subfield code="t">Red /</subfield>
    <subfield code="r">Graciela Falbo --</subfield>
    <subfield code="t">El fantasma de Canterville /</subfield>
    <subfield code="r">Charly Garc&#xED;a.</subfield>
  </datafield>
  <datafield tag="521" ind1="4" ind2=" ">
    <subfield code="a">Escuela primaria, primer ciclo.</subfield>
  </datafield>
  <datafield tag="650" ind1=" " ind2="7">
    <subfield code="a">Pr&#xE1;cticas del lenguaje</subfield>
    <subfield code="v">Libros de texto (Secundaria)</subfield>
    <subfield code="2">embne</subfield>
  </datafield>
  <datafield tag="650" ind1=" " ind2="7">
    <subfield code="a">Literatura infantil</subfield>
    <subfield code="2">embne</subfield>
  </datafield>
  <datafield tag="655" ind1=" " ind2="7">
    <subfield code="a">Poes&#xED;as</subfield>
    <subfield code="2">embne</subfield>
  </datafield>
  <datafield tag="655" ind1=" " ind2="7">
    <subfield code="a">Cuentos</subfield>
  </datafield>
  <datafield tag="655" ind1=" " ind2="4">
    <subfield code="a">Literatura infantil</subfield>
  </datafield>
  <datafield tag="700" ind1="1" ind2=" ">
    <subfield code="a">Bombini, Gustavo.</subfield>
    <subfield code="e">coordinador</subfield>
  </datafield>
  <datafield tag="942" ind1=" " ind2=" ">
    <subfield code="2">udc</subfield>
    <subfield code="c">OG</subfield>
    <subfield code="n">0</subfield>
  </datafield>
  <datafield tag="999" ind1=" " ind2=" ">
    <subfield code="c">969</subfield>
    <subfield code="d">969</subfield>
  </datafield>
  <datafield tag="952" ind1=" " ind2=" ">
    <subfield code="0">0</subfield>
    <subfield code="1">0</subfield>
    <subfield code="2">udc</subfield>
    <subfield code="4">0</subfield>
    <subfield code="7">0</subfield>
    <subfield code="8">CG</subfield>
    <subfield code="a">ESOCIALES</subfield>
    <subfield code="b">ESOCIALES</subfield>
    <subfield code="d">2026-03-13</subfield>
    <subfield code="e">Donaci&#xF3;n 2023</subfield>
    <subfield code="l">0</subfield>
    <subfield code="r">2026-03-13 10:53:55</subfield>
    <subfield code="t">82-34 L486</subfield>
    <subfield code="u">000913</subfield>
    <subfield code="w">2026-03-13</subfield>
    <subfield code="y">OG</subfield>
  </datafield>
</record>
